Are teen courts an answer to our juvenile delinquency problems?
| Authors: | ; ; |
|---|---|
| Format: | Print Article |
| Language: | English |
| Published: |
2000
|
| In: |
Juvenile and family court journal
Year: 2000, Volume: 51, Pages: 27-35 |
| Availability in Tübingen: | Present in Tübingen. IFK: 9153 |
| Check availability: | HBZ Gateway |
| Keywords: |
MARC
| LEADER | 00000caa a22000002c 4500 | ||
|---|---|---|---|
| 001 | 1640317627 | ||
| 003 | DE-627 | ||
| 005 | 20220608131708.0 | ||
| 007 | tu | ||
| 008 | 160223s2000 xx ||||| 00| ||eng c | ||
| 035 | |a (DE-627)1640317627 | ||
| 035 | |a (DE-576)456114947 | ||
| 035 | |a (DE-599)BSZ456114947 | ||
| 040 | |a DE-627 |b ger |c DE-627 |e rakwb | ||
| 041 | |a eng | ||
| 100 | 1 | |a Harrison, Paige |4 aut | |
| 245 | 1 | 0 | |a Are teen courts an answer to our juvenile delinquency problems? |c Paige Harrison, James R. Maupin, G.Larry Mays |
| 264 | 1 | |c 2000 | |
| 336 | |a Text |b txt |2 rdacontent | ||
| 337 | |a ohne Hilfsmittel zu benutzen |b n |2 rdamedia | ||
| 338 | |a Band |b nc |2 rdacarrier | ||
| 700 | 1 | |a Maupin, James R. |4 aut | |
| 700 | 1 | |a Mays, G. Larry |4 aut | |
| 773 | 0 | 8 | |i In |t Juvenile and family court journal |d Reno, Nev. : Council, 1978 |g 51(2000), Seite 27-35 |w (DE-627)166787388 |w (DE-600)306393-8 |w (DE-576)015230767 |x 0161-7109 |7 nnas |
| 773 | 1 | 8 | |g volume:51 |g year:2000 |g pages:27-35 |
| 935 | |a mkri | ||
| 951 | |a AR | ||
| ELC | |b 1 | ||
| LOK | |0 000 xxxxxcx a22 zn 4500 | ||
| LOK | |0 001 3301881246 | ||
| LOK | |0 003 DE-627 | ||
| LOK | |0 004 1640317627 | ||
| LOK | |0 005 20160223101633 | ||
| LOK | |0 008 160208||||||||||||||||ger||||||| | ||
| LOK | |0 040 |a DE-21-110 |c DE-627 |d DE-21-110 | ||
| LOK | |0 689 |a s |a Teen Court | ||
| LOK | |0 689 |a s |a Effizienz | ||
| LOK | |0 689 |a s |a Jugendtäter | ||
| LOK | |0 689 |a s |a Rückfälligkeit | ||
| LOK | |0 852 |a DE-21-110 | ||
| LOK | |0 852 1 |c 9153 |m p |9 00 | ||
| LOK | |0 935 |a k110 | ||
| LOK | |0 938 |k p | ||
| LOK | |0 939 |a 08-02-16 |b l01 | ||
| ORI | |a SA-MARC-krimdoka001.raw | ||
| SIG | |a IFK: 9153 | ||
